| 000 | 00430nam a22001817a 4500 | ||
|---|---|---|---|
| 005 | 20180519114318.0 | ||
| 008 | 170401b xxu||||| |||| 00| 0 eng d | ||
| 020 | _a978-81-203-4592-8 | ||
| 041 | _aeng | ||
| 082 | _a518.6 | ||
| 100 |
_aSASTRY,S.S _93739 |
||
| 245 | _aINTRODUCTORY METHOD OF NUMERICAL ANALYSIS | ||
| 250 | _a5th | ||
| 260 |
_bPHI LEARNING _c2012 |
||
| 300 | _a450 | ||
| 650 |
_aENGINEERING _94299 |
||
| 942 | _cBK | ||
| 999 |
_c5362 _d5360 |
||